Word Ladder: Alabama Football Quiz Stats

Quiz Updated Aug 26, 2015

Also try: Word Ladder: NFL
Challenge
Share
Tweet
Embed
Score 0/30 Timer 05:00
1 Play Today
Hint 4-Letter Word % Correct
Rolling Stones singer JaggerMICK
98.2%
An interception, or to choosePICK
96.6%
Bill of a birdBEAK
94.6%
Part played by an actor or actressROLE
93.6%
Not anyNONE
93%
Kind and friendlyNICE
92.9%
Tree coveringBARK
92.8%
To get upRISE
92.2%
Part 2 of Alabama sayingTIDE
92.1%
Part 1 of Alabama sayingROLL
92.1%
What you may cut off to spite your faceNOSE
91.8%
First name of current Alabama coach SabanNICK
91.8%
First name of Alabama's first Heisman winner IngramMARK
91.6%
Most widely eaten staple foodRICE
91.5%
Bowl referenced in school's fight songROSE
91.2%
Hint 4-Letter Word % Correct
Broad from side to sideWIDE
91%
Bama has this record # of AP trophiesNINE
90.8%
Roofing or flooring materialTILE
90.6%
What may be required to cross a bridgeTOLL
89.9%
To stir up or agitateRILE
89.2%
Alabama's all-time record is 850 of theseWINS
89%
Actor & Bama halfback BrownMACK
88.8%
Tree type, such as the LongleafPINE
88.3%
Legendary Alabama coach's BryantBEAR
88.1%
Types of this include red and whiteWINE
87.7%
Setting for 'How to Train Your Dragon'BERK
86.7%
To give an account of, like a ball gameTELL
86.6%
Thin tools used for sewingPINS
86.5%
One of these may be shed after a gridiron lossTEAR
86.3%
Species of small duckTEAL
83.2%

Today's Daily Dose

Word Ladder
Antonym Clues II

Quick Pick
Movies of 2014

On This Day
April 24th II

You're not logged in!

Compare scores with friends on all Sporcle quizzes.
Sign Up with Email
OR
Log In

You Might Also Like...

Show Comments

Extras

Top Quizzes Today


Score Distribution

Your Account Isn't Verified!

In order to create a playlist on Sporcle, you need to verify the email address you used during registration. Go to your Sporcle Settings to finish the process.

Report this User

Report this user for behavior that violates our Community Guidelines.

Details: